Argentinos por categorías #4: Deportes - Estadísticas

Estadísticas generales
  • Esta prueba ha sido intentada 93 veces
  • La puntuación promedio es 9 de 15
Estadísticas de respuestas
Hint Respuesta % Correcto
Carlos Bianchi Fútbol
85%
Luciana Aymar Hockey sobre césped
78%
Luis Scola Baloncesto
77%
José "Maligno" Torres Ciclismo BMX
70%
Juan María Traverso Automovilismo
67%
Paula Pareto Judo
66%
Nicolino Locche Boxeo
63%
Agustín Pichot Rugby
62%
Santiago Lange Vela
56%
José Meolans Natación
55%
Hugo Conte Vóleibol
55%
Adolfo Cambiaso Polo
52%
Sebastián Crismanich Taekwondo
52%
Diego Simonet Balonmano
49%
Gustavo Fernández Tenis en silla de ruedas
44%
No se encontraron pruebas coincidentes
Distribución de puntuación
Porcentaje de gente con cada puntuación
Porcentaje por número respondido
Historial de tus puntuaciones
No has intentado esta prueba.